00854nam a22002657a 45000010005000000030006000050050017000110080041000280200018000690400029000870500016001160820014001321000034001462450069001802500041002492600034002903000056003245050007003805200098003875210018004855210018005036500020005216500016005417000031005578333FISKH20250909140641.0250909b cb ||||| |||| 00| 0 eng d a9780590372121 aFISKHbengcFISKHdFISKH aPZ8.M4194 C a808.80334 aMarzollo, Jeand(1942–2018) aChristmas cats /cBy Jean Marzollo ; Illustrated by Hans Wilhelm aThis edition first published in 1997 aNew York :bScholastic,c1997 a27 unnumbered pages :bcolor illustrations ;c21 cm aE  aCreative cats prepare for Christmas by making chains, hanging mistletoe, and singing carols. 8 a190 bLexile 8 aE bRaz-Plus  2WinteraHoliday 2CatsaRhyme aWilhelm, Hansdillustrator